Description nulles des animes (pas très connues) - Statistiques

Statistiques générales
  • Ce quiz a été pris 62 fois
  • Le résultat moyen est 4 sur 15
Statistiques - réponses
Hint Réponse % Correct
Faut pas que papa tombe sur mon cahier que je cache dans ma chambre Death note
82%
Un anime qui parle de boules Dragon Ball
47%
Vas-y, dis-le que tu m'aimes stp, je veux pas le faire moi Kaguya Sama : Love is war
47%
Elle est forte à la guitare, puis elle est nulle, puis elle est reforte Bocchi the Rock
39%
Filles-Poneys Uma Musume Pretty Derby
27%
Tuturu Steins Gate
25%
Ma femme veut que je sois violent avec elle (aled) Horimiya
24%
Maman est morte, faut que je tue papa Oshi No Ko
20%
Je veux plus d'êtres vivants dans mes poches Pokemon
20%
Je sais pas faire mes stats, donc j'ai tout mis dans une seule Bofuri
14%
On m'a confié une gamine, je pars au paradis avec elle Sousou no Frieren
12%
La nouvelle habite au zoo et elle va ruiner ma reput My deer Friend Nokotan
10%
Je me suis faite virée parce que j'ai sauvé une collègue, donc on m'a mis en formation avec une meurtrière qui tue personne et une gamine sur un ordi. Lycoris Recoil
8%
Des waifus à gros obus Girls und Panzers
6%
Un anti-depresseur qui fait la cuisine The Helpful Fox : Senko-San
6%
Aucun quiz correspondant
Distribution des résultats
% des personnes avec chaque résultat
Percentile par nombre de réponses
Votre historique - résultats
Vous n’avez pas pris ce quiz